All EA Sports FIFA Ultimate Team TOTY Cards - Statistics

General Stats
  • This quiz has been taken 4,921 times
    2,256 since last reset
  • The average score is 70 of 94
Answer Stats
Player Nationality Amount Included # % Correct
Cristiano Ronaldo 16
99%
Lionel Messi 16
98%
Kylian Mbappé 7
96%
Luka Modrić 5
95%
Virgil van Dijk 6
95%
Xavi 6
95%
Andrés Iniesta 8
94%
Erling Haaland 2
94%
Iker Casillas 5
94%
Kevin De Bruyne 7
94%
Manuel Neuer 5
94%
Neymar Jr 2
93%
Robert Lewandowski 2
93%
Sergio Ramos 11
93%
Achraf Hakimi 2
92%
Alisson 2
92%
Jude Bellingham 3
92%
Mohamed Salah 1
92%
Thibaut Courtois 1
92%
Marcelo 5
91%
Alphonso Davies 1
90%
Emiliano Martínez 1
90%
Luis Suárez 1
90%
N'Golo Kanté 4
90%
Rodri 2
90%
Dani Alves 7
89%
Gianluigi Donnarumma 1
89%
Vini Jr. 1
89%
Harry Kane 1
88%
Rio Ferdinand 1
88%
Rúben Dias 2
88%
Sadio Mané 1
88%
Trent Alexander-Arnold 2
88%
Bruno Fernandes 1
86%
Karim Benzema 1
86%
Toni Kroos 2
86%
Dani Carvajal 1
85%
David de Gea 2
85%
Gerard Piqué 4
85%
Joshua Kimmich 1
85%
Nemanja Vidić 2
85%
Philipp Lahm 2
85%
Thiago Silva 3
85%
Zlatan Ibrahimović 1
85%
Arjen Robben 1
84%
Theo Hernández 2
84%
Andrew Robertson 1
82%
Wayne Rooney 1
81%
Fernando Torres 2
80%
Franck Ribéry 1
80%
Marquinhos 1
80%
Raphaël Varane 1
80%
Carles Puyol 1
78%
Frenkie de Jong 1
78%
Jeremie Frimpong 1
78%
Leonardo Bonucci 1
78%
Radamel Falcao 1
78%
João Cancelo 1
77%
Matthijs de Ligt 1
77%
Paul Pogba 1
77%
David Villa 1
75%
Jorginho 1
75%
Cole Palmer 1
74%
Kaká 1
74%
William Saliba 1
73%
Éder Militão 1
72%
John Terry 2
72%
Steven Gerrard 2
72%
Ángel Di María 1
70%
David Luiz 1
70%
Wesley Sneijder 1
68%
Xabi Alonso 2
64%
Alejandro Grimaldo 1
62%
Patrice Evra 1
57%
Alexia Putellas 2
56%
Maicon 1
55%
Aitana Bonmatí 2
54%
Sam Kerr 1
52%
Lúcio 1
51%
Caroline Graham Hansen 2
47%
Lauren James 1
40%
Sophia Wilson 2
37%
Khadija Shaw 1
36%
Wendie Renard 2
36%
Lucy Bronze 1
34%
Sakina Karchaoui 2
34%
Guro Reiten 1
31%
Mary Earps 1
27%
Alexandra Popp 1
26%
Ann-Katrin Berger 1
26%
Ona Batlle 1
26%
Irene Paredes 1
24%
Lena Oberdorf 1
22%
Millie Bright 1
22%
No matching quizzes found
Score Distribution
Percent of People with Each Score
Percentile by Number Answered
Your Score History
You have not taken this quiz since the last reset